WWE ROSTER 2025 - Statistics

General Stats
  • This quiz has been taken 274 times
  • The average score is 90 of 239
Answer Stats
Brand Answer % Correct
NXT Booker T
90%
SMACKDOWN Roman Reigns
85%
RAW Jey Uso
84%
RAW Seth "Freakin" Rollins
84%
SMACKDOWN Jimmy Uso
83%
SMACKDOWN Cody Rhodes
81%
RAW "Dirty" Dominik Mysterio
81%
RAW Gunther
81%
RAW CM Punk
80%
RAW Rey Mysterio
80%
RAW Rhea Ripley
79%
RAW Finn Balor
77%
RAW Bron Breakker
76%
RAW Sami Zayn
75%
SMACKDOWN Jacob Fatu
74%
RAW Liv Morgan
74%
RAW Dakota Kai
73%
RAW Damian Priest
73%
SMACKDOWN AJ Styles
72%
SMACKDOWN Solo Sikoa
72%
SMACKDOWN Tama Tonga
72%
RAW Iyo Sky
71%
SMACKDOWN Kevin Owens
71%
RAW Kofi Kingston
71%
SMACKDOWN Randy Orton
71%
RAW Drew McIntyre
70%
RAW Xavier Woods
69%
SMACKDOWN Bianca Belair
68%
SMACKDOWN LA Knight
68%
RAW Logan Paul
68%
SMACKDOWN Nia Jax
68%
SMACKDOWN Bayley
66%
SMACKDOWN Carmelo Hayes
66%
RAW Karrion Kross
66%
RAW Penta
66%
SMACKDOWN Tiffany Stratton
66%
SMACKDOWN Nikki Cross
65%
RAW The Miz
65%
SMACKDOWN Jade Cargill
64%
SMACKDOWN Naomi
64%
RAW Raquel Rodriguez
64%
NXT Trick Williams
64%
RAW Asuka
63%
RAW Carlito
63%
NXT Oba Femi
63%
SMACKDOWN Tonga Loa
63%
RAW Ludwig Kaiser
62%
RAW Michael Cole
62%
RAW Otis
62%
RAW "Big" Bronson Reed
61%
RAW Chad Gable
61%
RAW JD McDonagh
60%
NXT Roxanne Perez
60%
RAW Akira Tozawa
59%
SMACKDOWN Austin Theory
59%
RAW Erik
59%
RAW Ivar
59%
RAW Kairi Sane
59%
NXT Lexis King
59%
SMACKDOWN Andrade
58%
SMACKDOWN Chelsea Green
58%
RAW Dragon Lee
58%
SMACKDOWN Erick Rowan
58%
RAW Sheamus
58%
SMACKDOWN Uncle Howdy / Bo Dallas
58%
SMACKDOWN Grayson Waller
57%
RAW R-Truth
57%
SMACKDOWN Braun Strowman
55%
SMACKDOWN Johnny Gargano
55%
RAW Lyra Valkyria
55%
SMACKDOWN Montez Ford
55%
RAW Zelina Vega
54%
SMACKDOWN Angelo Dawkins
53%
SMACKDOWN Paul Heyman
53%
SMACKDOWN Tommaso Ciampa
53%
RAW Brutus Creed
52%
NXT Corey Graves
52%
SMACKDOWN Dexter Lumis
52%
RAW Julius Creed
52%
SMACKDOWN Shinsuke Nakamura
52%
RAW Pat McAfee
51%
SMACKDOWN Santos Escobar
51%
RAW Maxxine Dupri
50%
SMACKDOWN Piper Niven
50%
NXT Stephanie Vaquer
49%
SMACKDOWN Wade Barrett
49%
NXT Wes Lee
49%
NXT Ethan Page
48%
SMACKDOWN Angel
47%
NXT Cora Jade
47%
NXT Giulia
47%
RAW Alba Fyre
46%
RAW Ivy Nile
46%
SMACKDOWN Joe Gacy
46%
SMACKDOWN Michin
46%
RAW Scarlett
46%
SMACKDOWN The Rock
46%
SMACKDOWN Alex Shelley
45%
RAW Natalya
45%
RAW Zoey Stark
44%
NXT Axiom
43%
SMACKDOWN Berto
43%
SMACKDOWN Candice LeRae
43%
RAW Akam
42%
RAW Pete Dunne
42%
SMACKDOWN Apollo Crews
41%
SMACKDOWN B-Fab
41%
REFEREE Charles Robinson
41%
SMACKDOWN Chris Sabin
41%
RAW Cruz Del Toro
41%
NXT Je'Von Evans
41%
NXT Sol Ruca
40%
RAW Rezar
39%
RAW Joaquin Wilde
38%
RAW Shayna Baszler
38%
RAW Adam Pearce
37%
NXT Lash Legend
37%
RAW Sonya Deville
37%
NXT Andre Chase
36%
SMACKDOWN Elton Prince
36%
SMACKDOWN Kit Wilson
36%
NXT Nathan Frazer
36%
SMACKDOWN Nick Aldis
36%
NXT Tony D'Angelo
36%
NXT Dante Chen
34%
RAW Ilja Dragunov
34%
NXT Jacy Jayne
34%
NXT Jaida Parker
34%
SMACKDOWN Giovanni Vinci
33%
NXT Arianna Grace
32%
RAW Isla Dawn
32%
RAW Katana Chance
31%
RAW Kayden Carter
31%
NXT Gigi Dolin
30%
NXT Ridge Holland
30%
NXT Shotzi
30%
RAW Tyler Bate
30%
NXT Fallon Henley
28%
REFEREE Gary Wilson
28%
SMACKDOWN Joe Tessitore
28%
SMACKDOWN Karl Anderson
28%
NXT Lola Vice
28%
SMACKDOWN Luke Gallows
28%
NXT Zaria
28%
NXT Ava
27%
SMACKDOWN Elektra Lopez
27%
NXT Kelani Jordan
27%
NXT Noam Dar
26%
NXT Shawn Spears
26%
NXT Tatum Paxley
26%
NXT Charlie Dempsey
25%
RAW Paul Ellering
25%
NXT Shawn Michaels
25%
NXT Thea Hail
25%
NXT Jakara Jackson
24%
RAW Alicia Taylor
23%
NXT Channing "Stacks" Lorenzo
23%
NXT Kendal Grey
23%
RAW Kiana James
23%
NXT Ashante "Thee" Adonis
22%
SMACKDOWN Blair Davenport
21%
SMACKDOWN Byron Saxton
21%
NXT Cedric Alexander
21%
NXT Cutler James
21%
NXT Duke Hudson
21%
NXT Adriana Rizzo
20%
REFEREE Jessika Carr
19%
NXT Josh Briggs
19%
SMACKDOWN Lilian Garcia
19%
NXT Nikkita Lyons
19%
NXT Vic Joseph
19%
NXT Wendy Choo
19%
NXT Eddy Thorpe
18%
NXT Izzi Dame
18%
RAW Jackie Redmond
18%
NXT Jazmyn Nyx
18%
NXT Myles Borne
18%
NXT Hank Walker
17%
NXT Karmen Petrovic
17%
NXT Brooks Jensen
15%
NXT Joe Coffey
15%
NXT Mike Rome
15%
NXT Oro Mensah
15%
NXT Tavion Heights
15%
NXT Wren Sinclair
15%
RAW Cathy Kelley
14%
NXT Mark Coffey
14%
NXT Tank Ledger
14%
NXT Wolfgang
14%
NXT Bronco Nima
13%
NXT Edris Enofe
13%
NXT Luca Crusifino
13%
NXT Malik Blade
13%
NXT Brinley Reece
12%
NXT Lucien Price
12%
NXT Riley Osborne
12%
NXT Carlee Bright
11%
NXT Stevie Turner
11%
NXT Dani Palmer
10%
NXT Dion Lennox
10%
NXT Mr Stone
10%
NXT Tyriek Igwe
10%
NXT Tyson Dupont
10%
NXT Blake Howard
9%
NXT Jasper Troy
9%
NXT Kelly Kincaid
9%
REFEREE Rod Zapata
9%
REFEREE Chad Patton
8%
NXT Javier Bernal
8%
NXT Kale Dixon
8%
NXT Meiko Satomura
8%
NXT Niko Vance
8%
REFEREE Dallas Irvin
7%
REFEREE Eddie Orengo
7%
REFEREE John Cone
7%
NXT Sarah Schreiber
7%
NXT Uriah Connors
7%
NXT Lainey Reid
6%
NXT Saquon Shugars
6%
REFEREE Dan Engler
5%
NXT Harlem Lewis
5%
NXT Kali Armstrong
5%
NXT Keanu Carver
5%
NXT Layla Diggs
5%
REFEREE Shawn Bennett
5%
NXT Shiloh Hill
5%
NXT Tyra Mae Steele
5%
NXT Yoshiki Inamura
5%
REFEREE Adrian Butler
4%
REFEREE Danilo Anfibio
4%
NXT Drake Morreaux
4%
REFEREE Ryan Tran
4%
REFEREE Chip Danning
3%
REFEREE Daphanie Lashaunn
3%
REFEREE Jason Ayers
3%
REFEREE Derek Sanders
2%
REFEREE Felix Fernandez
2%
REFEREE Jeremy Marcus
2%
REFEREE Joey Gonzalez
2%
No matching quizzes found
Score Distribution
Percent of People with Each Score
Percentile by Number Answered
Your Score History
You have not taken this quiz